| 000 | 00564nam a2200241 a 4500 | ||
|---|---|---|---|
| 001 | nice12345678 | ||
| 003 | IN_TiNIC | ||
| 005 | 20260116011807.0 | ||
| 008 | 050524s1970 beia grp 000 0 ara | ||
| 020 |
_a _c100 |
||
| 082 | 0 | 0 |
_a239 _bJAD1 |
| 100 | _aJadid, Iskander | ||
| 245 | _aLi Kull-E-Suwalin Jawab. | ||
| 260 |
_aBeirut _bMarkaz Ilshabiyata _c1970 |
||
| 300 | _a256p | ||
| 500 | _aincludes index and biblioraphy | ||
| 505 | 2 | _aMaps | |
| 650 | _aApologetics | ||
| 700 | 1 | _aJadid, Iskander | |
| 902 | _bSRS | ||
| 942 | _cBK | ||
| 999 |
_c4011 _d4011 |
||